| 000 | 00819nam a2200289Ia 4500 | ||
|---|---|---|---|
| 001 | Para_3672 | ||
| 003 | CHAP | ||
| 008 | 220125s1946 xx 000 0 und d | ||
| 010 | _a202272 | ||
| 040 | _cCHAP | ||
| 082 | _aPA-C 633.1 S88 | ||
| 110 |
_aMéxico. Dirección General de Agricultura _976952 |
||
| 245 |
_aExperimentos de entomología sobre el frijol durante el año de 1946 / _c DGA |
||
| 260 |
_aMéxico : _b DGA |
||
| 300 | _a3 h. | ||
| 500 | _aEncuadernado con otros impresos similares | ||
| 650 |
_aCereales _921370 |
||
| 650 |
_aFrijol _x Enfermedades _943367 |
||
| 650 |
_aFrijol _x Genética |
||
| 901 | _aPA-C 633.1 S88 | ||
| 902 | _aA | ||
| 905 | _a0000001946 mx 0000000000 00 | ||
| 910 | _a1946 | ||
| 942 | _cPARA | ||
| 942 |
_cPARA _d1 |
||
| 999 |
_c202272 _d202272 |
||